Začína sa boj o pracovníkov
Klesanie miery nezamestnanosti na Slovensku. Atraktívny Jaguár. Príťažlivosť kvality pracovného prostredia a firemných benefitov. Rýchlejší rast miezd ako produktivity. Nedostatok odbornej pracovnej sily v odbore automotive. Rekvalifikácia a vzdelávanie pracovníkov. Celkový rast zamestnanosti a rast...
Salvato in:
| Autore principale: | |
|---|---|
| Natura: | Capitolo di libro |
| Lingua: | slovacco |
| Soggetti: | |
| Tags: |
Nessun Tag, puoi essere il primo ad aggiungerne!!
|
MARC
| LEADER | 00000naa a2200000 4500 | ||
|---|---|---|---|
| 001 | 0220373 | ||
| 005 | 20231113105301.4 | ||
| 041 | 0 | |a slo | |
| 044 | |a SK | ||
| 245 | 1 | 0 | |a Začína sa boj o pracovníkov |c Michal Lehuta |
| 520 | |a Klesanie miery nezamestnanosti na Slovensku. Atraktívny Jaguár. Príťažlivosť kvality pracovného prostredia a firemných benefitov. Rýchlejší rast miezd ako produktivity. Nedostatok odbornej pracovnej sily v odbore automotive. Rekvalifikácia a vzdelávanie pracovníkov. Celkový rast zamestnanosti a rast váhy veľkých zamestnávateľov. | ||
| 610 | 2 | 0 | |a trh práce |
| 610 | 2 | 0 | |a zamestnanosť |
| 610 | 2 | 0 | |a nezamestnanosť |
| 610 | 2 | 0 | |a zamestnanci |
| 610 | 2 | 0 | |a zamestnávatelia |
| 610 | 2 | 0 | |a priemysel automobilový |
| 610 | 2 | 0 | |a služby |
| 610 | 2 | 0 | |a vzdelávanie |
| 610 | 2 | 0 | |a mzdy |
| 610 | 2 | 0 | |a Slovensko |
| 100 | 1 | |a Lehuta, Michal | |